Fr. Conceicao Rodrigues College of Engineering

Power electronics and its applications (Record no. 27253)

MARC details
000 -LEADER
fixed length control field 00352nam a2200169Ia 4500
082 ## - DEWEY DECIMAL CLASSIFICATION NUMBER
Classification number 621.317
Item number JAI
100 ## - MAIN ENTRY--PERSONAL NAME
Personal name Jain/Alok
250 ## - EDITION STATEMENT
Edition statement 2
245 ## - TITLE STATEMENT
Title Power electronics and its applications
260 ## - PUBLICATION, DISTRIBUTION, ETC.
Name of publisher, distributor, etc. Penram
Date of publication, distribution, etc. 2008
366 ## - TRADE AVAILABILITY INFORMATION
Publishers's discount category 25
300 ## - PHYSICAL DESCRIPTION
Extent 489
546 ## - LANGUAGE NOTE
Language note ENGLISH
-- TTL
650 ## - SUBJECT ADDED ENTRY--TOPICAL TERM
Topical term or geographic name entry element Power electronics
942 ## - ADDED ENTRY ELEMENTS (KOHA)
Koha item type BOOK
Holdings
Withdrawn status Lost status Damaged status Not for loan Collection Home library Current library Date acquired Source of acquisition Cost, normal purchase price Inventory number Total Checkouts Full call number Barcode Date last seen Cost, replacement price Price effective from Koha item type
        CRC Fr. Agnel's C.Rodrigues College of Engineering Fr. Agnel's C.Rodrigues College of Engineering 17/03/2023 Allied Publishers 187.50 977 dt 14.10.2014   621.317 JAI 23509 17/03/2023 250.00   BOOK
        CRC Fr. Agnel's C.Rodrigues College of Engineering Fr. Agnel's C.Rodrigues College of Engineering 17/03/2023 Allied Publishers 187.50 977 dt 14.10.2014   621.317 JAI 23510 17/03/2023 250.00   BOOK
        CRC Fr. Agnel's C.Rodrigues College of Engineering Fr. Agnel's C.Rodrigues College of Engineering 17/03/2023 Allied Publishers 187.50 977 dt 14.10.2014   621.317 JAI 23511 17/03/2023 250.00   BOOK
        CRC Fr. Agnel's C.Rodrigues College of Engineering Fr. Agnel's C.Rodrigues College of Engineering 17/03/2023 Allied Publishers 187.50 977 dt 14.10.2014   621.317 JAI 23512 17/03/2023 250.00   BOOK
        CRC Fr. Agnel's C.Rodrigues College of Engineering Fr. Agnel's C.Rodrigues College of Engineering 17/03/2023 Allied Publishers 187.50 977 dt 14.10.2014   621.317 JAI 23513 17/03/2023 250.00   BOOK